Can You Name Every Barbie Movie Protagonist? - Statistics

General Stats
  • This quiz has been taken 70 times
    55 since last reset
  • The average score is 41 of 51
Answer Stats
Hint Answer % Correct
Barbie as Rapunzel Rapunzel
100%
The Barbie Diaries Barbie
97%
Barbie: A Fashion Fairytale Barbie
97%
Barbie: A Fairy Secret Barbie
97%
Barbie: A Perfect Christmas Barbie
97%
Barbie and Her Sisters in A Pony Tale Barbie
97%
Barbie and Her Sisters in the Great Puppy Adventure Barbie
97%
Barbie: Spy Squad Barbie
97%
Barbie: Star Light Adventure Barbie
97%
Barbie and Her Sisters in a Puppy Chase Barbie
97%
Barbie: Video Game Hero Barbie
97%
Barbie: Dolphin Magic Barbie
97%
Barbie: Princess Adventure Barbie
97%
Barbie and Chelsea: The Lost Birthday Barbie
97%
Barbie: Mermaid Power Barbie
97%
Barbie: Epic Road Trip Barbie
97%
Barbie and Teresa: Recipe for Friendship Barbie
97%
Barbie: Big City Big Dreams Barbie (Brooklyn)
97%
Barbie: Big City Big Dreams Barbie (Malibu)
97%
Barbie of Swan Lake Odette
94%
Barbie in the Nutcracker Clara
88%
Barbie: Mariposa and her Butterfly Fairy Friends Mariposa
88%
Barbie: Mariposa and the Fairy Princess Mariposa
88%
Barbie and the Magic of Pegasus Annika
82%
Barbie: Fairytopia Elina
82%
Barbie: Fairytopia: Mermaidia Elina
82%
Barbie: Fairytopia: Magic of the Rainbow Elina
82%
Barbie as the Princess and the Pauper Erika
82%
Barbie: Rock'n Royals Erika
82%
Barbie as the Island Princess Ro
82%
Barbie & the Diamond Castle Alexa
76%
Barbie: The Secret Door Alexa
76%
Barbie: Princess Charm School Blair
76%
Barbie: Thumbelina Thumbelina
76%
Barbie in the 12 Dancing Princesses Genevieve
70%
Barbie & the Diamond Castle Liana
70%
Barbie as the Princess and the Pauper Anneliese
67%
Barbie and Chelsea: The Lost Birthday Chelsea
67%
Barbie in a Mermaid Tale Merliah
67%
Barbie in a Mermaid Tale 2 Merliah
67%
Barbie: Skipper and the Big Babysitting Adventure Skipper
67%
Barbie in a Christmas Carol Eden
64%
Barbie and Stacie To the Rescue Stacie
64%
Barbie and Teresa: Recipe for Friendship Teresa
64%
Barbie: The Princess and the Popstar Keira
55%
Barbie: The Princess and the Popstar Tori
55%
Barbie and the Three Musketeers Corrine
48%
Barbie: Rock'n Royals Courtney
48%
Barbie: The Pearl Princess Lumina
45%
Barbie: Princess Power Kara
39%
Barbie in the Pink Shoes Kristen
33%
No matching quizzes found
Score Distribution
Percent of People with Each Score
Percentile by Number Answered
Your Score History
You have not taken this quiz since the last reset